000 00624cam a2200133 4500500
005 20260111091251.0
041 _afre
042 _adc
245 0 0 _aRationalität der Religion und Kritik der Kultur : Hermann Cohen und Ernst Cassirer, éd. H. Deuser et M. Moxter, coll. Religion in der Moderne 9, Würzburg, Echter, 2002, 24x16, 214 p., 19.90 €. ISBN 3-429-02500-1
260 _c2005.
500 _a46
786 0 _nNouvelle revue théologique | 127 | 4 | 2005-12-15 | p. 666i-673i | 0029-4845
856 4 1 _uhttps://shs.cairn.info/revue-nouvelle-revue-theologique-2005-4-page-666i?lang=fr&redirect-ssocas=7080
999 _c1620774
_d1620774